[Event "AUTO-OPEN-1482"]
[Site "http://www.queenalice.com/game.php?id=558099"]
[Date "2009.3.18"]
[Round "1"]
[White "albert7"]
[Black "pgierech"]
[Result "1-0"]
[WhiteElo "1779"]
[BlackElo "1873"]

1. e4 c6 2. d4 d5 3. Nc3 dxe4 4. Nxe4 Bf5 5. Ng3 Bg6 6. Nf3 Nd7 7. Bd3 e6 8. O-O
Ngf6 9. c4 Be7 10. Re1 Bxd3 11. Qxd3 O-O 12. Bf4 h6 13. Qe3 Nb6 14. b3 Bb4 15.
Red1 Bd6 16. Ne5 Qe7 17. Re1 Rfd8 18. Qf3 Nh7 19. Ne4 Bc7 20. Rad1 Nd7 21. Nxc6
bxc6 22. Bxc7 Rdc8 23. Bg3 1-0

[Event "AUTO-OPEN-1482"]
[Site "http://www.queenalice.com/game.php?id=558100"]
[Date "2009.3.18"]
[Round "1"]
[White "pgierech"]
[Black "albert7"]
[Result "0-1"]
[WhiteElo "1873"]
[BlackElo "1655"]

1. e4 c5 2. Nf3 d6 3. c3 Nf6 4. d3 e6 5. Be2 Be7 6. h3 O-O 7. O-O Nc6 8. Nh2 d5
9. f3 e5 10. Ng4 Nxg4 11. hxg4 d4 12. c4 Bh4 13. Bd2 Be6 14. Be1 Bg5 15. a3 Be3+
16. Bf2 Bxf2+ 17. Kxf2 a6 18. Nd2 h5 19. Rh1 hxg4 20. fxg4 Qg5 21. Kg1 f6 22.
Nf1 Kf7 23. Qd2 Qg6 24. g5 Qxg5 0-1

[Event "AUTO-INT-1256"]
[Site "http://www.queenalice.com/game.php?id=564508"]
[Date "2009.3.31"]
[Round "1"]
[White "albert7"]
[Black "schachmattorwieorwatt"]
[Result "1-0"]
[WhiteElo "2059"]
[BlackElo "1594"]

1. e4 e5 2. Nf3 Nc6 3. Bb5 g6 4. d4 Nxd4 5. Nxd4 Bg7 6. Nf3 c6 7. Bc4 b5 8. Bb3
d6 9. O-O Nf6 10. Re1 Ba6 11. a4 b4 12. Nbd2 Ng4 13. h3 Nf6 14. Nc4 O-O 15. Nxd6
Qb6 16. Nc4 Qc7 17. c3 bxc3 18. bxc3 c5 19. Ncxe5 c4 20. Bc2 Rad8 21. Qe2 Rfe8
22. Bf4 Qc5 23. Red1 Rxd1+ 24. Rxd1 g5 25. Bh2 Qc8 26. Nxg5 Qc5 27. Nexf7 h6 28.
Nd6 Rd8 29. Ne6 1-0

[Event "AUTO-INT-1256"]
[Site "http://www.queenalice.com/game.php?id=564509"]
[Date "2009.3.31"]
[Round "1"]
[White "schachmattorwieorwatt"]
[Black "albert7"]
[Result "0-1"]
[WhiteElo "1553"]
[BlackElo "2041"]

1. d4 Nf6 2. Nc3 d5 3. Bf4 Bf5 4. h3 e6 5. g4 Bg6 6. f3 Be7 7. e3 c5 8. Nge2 Qb6
9. b3 Nc6 10. g5 Nd7 11. h4 cxd4 12. Nxd4 Nxd4 13. exd4 Bb4 14. Be5 Bxc3+ 15.
Kf2 Nxe5 16. Rb1 Bxd4+ 17. Kg2 Nxf3 18. Qxf3 Be4 0-1

[Event "AUTO-INT-1256"]
[Site "http://www.queenalice.com/game.php?id=564510"]
[Date "2009.3.31"]
[Round "1"]
[White "albert7"]
[Black "yclaudiu35"]
[Result "1-0"]
[WhiteElo "2003"]
[BlackElo "1835"]

1. e4 e5 2. Nf3 Qf6 3. Bc4 Bc5 4. O-O d6 5. h3 Qg6 6. Kh1 Qh5 7. c3 Bxh3 8. gxh3
Qxh3+ 9. Nh2 g5 10. d4 exd4 11. cxd4 Bb6 12. Qf3 Qxf3+ 13. Nxf3 h6 14. Be3 Nd7
15. Nc3 Ngf6 16. Nd2 g4 17. Na4 Ba5 18. Nb3 Bb6 19. Nxb6 Nxb6 20. Bd3 O-O-O 21.
d5 Rde8 22. Bd4 Nbd7 23. Rfe1 Rhg8 24. Bxf6 Nxf6 25. Nd4 g3 26. f3 h5 27. Nf5
Nh7 28. Kg2 Kd7 29. Rac1 Rg6 30. Bb5+ c6 31. dxc6+ 1-0

[Event "AUTO-INT-1256"]
[Site "http://www.queenalice.com/game.php?id=564511"]
[Date "2009.3.31"]
[Round "1"]
[White "yclaudiu35"]
[Black "albert7"]
[Result "0-1"]
[WhiteElo "1793"]
[BlackElo "2027"]

1. e4 c5 2. Nf3 d6 3. d4 cxd4 4. Qxd4 a6 5. Bc4 e6 6. Nc3 Nc6 7. Qe3 Nf6 8. O-O
Be7 9. a3 O-O 10. Bd2 b5 11. Ba2 Bb7 12. Rfd1 Rc8 13. Bb1 Qc7 14. Ne2 Na5 15. b3
d5 16. exd5 Nxd5 17. Qd3 Rfd8 18. c4 Nf6 19. Qc3 Nc6 20. cxb5 axb5 21. Rc1 Qd7
22. Qe3 e5 23. Ng3 g6 24. Rd1 Ng4 25. Qe2 Nd4 26. Nxd4 Qxd4 27. Ba2 Rc2 28. Nf1
Bc5 29. b4 Nxf2 30. Bxf7+ Kxf7 31. Qf3+ Bxf3 0-1

[Event "Challenge"]
[Site "http://www.queenalice.com/game.php?id=572314"]
[Date "2009.4.15"]
[Round "-"]
[White "gotinha"]
[Black "albert7"]
[Result "0-1"]
[WhiteElo "1673"]
[BlackElo "1939"]

1. e4 c5 2. Nf3 d6 3. Nc3 Nf6 4. Bb5+ Bd7 5. e5 dxe5 6. Bxd7+ Nbxd7 7. d3 e6 8.
Qe2 Be7 9. Nxe5 O-O 10. Bg5 Qc7 11. Bxf6 Nxf6 12. O-O-O a6 13. d4 cxd4 14. Rxd4
b5 15. Rd7 Nxd7 16. Nxd7 Qxd7 17. Rd1 Qc6 18. g4 Rfd8 19. Rxd8+ Rxd8 20. f4 Qh1+
21. Nd1 e5 22. fxe5 Bg5+ 23. Kb1 Rxd1+ 24. Qxd1 Qxd1# 0-1

[Event "Challenge"]
[Site "http://www.queenalice.com/game.php?id=609431"]
[Date "2009.6.27"]
[Round "-"]
[White "albert7"]
[Black "technicaldraw"]
[Result "1/2-1/2"]
[WhiteElo "2042"]
[BlackElo "2027"]

1. e4 e6 2. d4 d5 3. Nc3 Bb4 4. e5 c5 5. Bd2 Ne7 6. Nb5 Bxd2+ 7. Qxd2 O-O 8. f4
Qb6 9. O-O-O Nbc6 10. Nf3 Bd7 11. Nd6 cxd4 12. Nxd4 Nxd4 13. Qxd4 Qxd4 14. Rxd4
Bc6 15. Rb4 b6 16. Nb5 Bxb5 17. Bxb5 Rfc8 18. Rd1 1/2-1/2

[Event "Challenge"]
[Site "http://www.queenalice.com/game.php?id=614889"]
[Date "2009.7.8"]
[Round "-"]
[White "albert7"]
[Black "m"]
[Result "0-1"]
[WhiteElo "2039"]
[BlackElo "1976"]

1. e4 c5 2. Nf3 d6 3. d4 cxd4 4. Nxd4 Nf6 5. Nc3 a6 6. Bg5 e6 7. f4 Qb6 8. Qd2
Qxb2 9. Rb1 Qa3 10. f5 e5 11. Bxf6 gxf6 12. Nd5 Qc5 13. Nxf6+ Kd8 14. Nb3 Qa7
15. Bc4 Be7 16. Nd5 b5 17. Be2 Bb7 18. Qa5+ Ke8 19. Nc7+ Kf8 20. Nxa8 Bxa8 21.
Nd2 Nc6 22. Qc3 Rg8 23. g3 Bg5 24. Qd3 Ke7 25. a4 Nd4 26. Nf3 Nxf3+ 27. Bxf3
bxa4 28. Rd1 Rd8 29. h4 Be3 30. Rf1 Bc6 31. f6+ Kf8 32. Ke2 Bd4 33. g4 Rc8 34.
c4 Qc5 35. Rc1 a5 36. Qd2 Rb8 37. Qh6+ Ke8 38. Rfd1 Rb2+ 39. Rd2 Rxd2+ 40. Qxd2
Qb4 41. Rc2 Qb1 42. Rc1 Qb2 43. Rc2 Qb4 44. Qg5 Qb3 45. Qd2 a3 46. Qd3 a4 0-1

[Event "AUTO-MASTER-849"]
[Site "http://www.queenalice.com/game.php?id=617332"]
[Date "2009.7.12"]
[Round "1"]
[White "Manero"]
[Black "albert7"]
[Result "1-0"]
[WhiteElo "2082"]
[BlackElo "2059"]

1. Nf3 Nf6 2. c4 g6 3. Nc3 Bg7 4. e4 d6 5. d4 O-O 6. Bd3 e5 7. O-O Nc6 8. d5 Ne7
9. h3 Nh5 10. Ne2 f5 11. Ng3 Nf4 12. Bc2 h6 13. b3 fxe4 14. Bxe4 Nf5 15. Bb2 Nh4
16. Ne1 Qg5 17. Kh2 Bd7 18. Qc2 Rf7 19. Rd1 Raf8 20. Bc1 Bc8 21. Rd3 Nxd3 22.
Bxg5 1-0

[Event "AUTO-MASTER-849"]
[Site "http://www.queenalice.com/game.php?id=617333"]
[Date "2009.7.12"]
[Round "1"]
[White "albert7"]
[Black "Manero"]
[Result "0-1"]
[WhiteElo "1996"]
[BlackElo "2171"]

1. e4 c5 2. Nf3 Nc6 3. d4 cxd4 4. Nxd4 e5 5. Nb5 d6 6. N1c3 a6 7. Na3 Nf6 8. Nc4
b5 9. Ne3 b4 10. Ncd5 Nxe4 11. Qf3 Nc5 12. Nxb4 Bb7 13. Nxc6 Qc7 14. Bc4 Bxc6
15. Bxf7+ Kd8 16. Nd5 Qb7 17. Bg5+ Be7 18. Bxe7+ Qxe7 19. Qh5 Qb7 20. Qg5+ Kc8
21. Ne7+ Kb8 22. Nxc6+ Qxc6 23. O-O Ra7 24. Bb3 Rf8 25. Rad1 Rc7 26. Qd2 Rf6 27.
Bd5 Qd7 28. b4 Na4 29. c4 Nb6 30. Rc1 Nxd5 31. cxd5 Rf4 32. Qd3 Ka7 33. Qe3+ Rd4
34. f4 Rxc1 35. Rxc1 Kb7 36. fxe5 dxe5 37. Qxe5 Rxd5 38. Qe4 Kb6 39. Qe3+ Kb7
0-1

[Event "AUTO-MASTER-849"]
[Site "http://www.queenalice.com/game.php?id=617348"]
[Date "2009.7.12"]
[Round "1"]
[White "Tentarius"]
[Black "albert7"]
[Result "0-1"]
[WhiteElo "2131"]
[BlackElo "2003"]

1. d4 Nf6 2. c4 g6 3. Nc3 Bg7 4. e4 d6 5. Bd3 O-O 6. Nge2 e5 7. h3 Nh5 8. d5 Na6
9. O-O Nc5 10. Bc2 a5 11. b3 f5 12. Ng3 Nf6 13. Bb2 f4 14. Nh1 g5 15. f3 h5 16.
a3 g4 17. Nf2 g3 18. Nd3 Nxd3 19. Qxd3 Nh7 20. Nb5 Qh4 21. Nxc7 Bxh3 22. gxh3
Qxh3 23. Qe2 h4 24. Nxa8 Qc8 25. Nb6 Qd8 26. Na4 h3 27. Rfc1 Rf6 28. b4 Rh6 29.
c5 Qg5 30. Qe1 Qh4 31. c6 Ng5 32. Qe2 g2 33. cxb7 h2+ 34. Kxg2 h1=Q+ 35. Rxh1
Qg3+ 0-1

[Event "AUTO-MASTER-849"]
[Site "http://www.queenalice.com/game.php?id=617349"]
[Date "2009.7.12"]
[Round "1"]
[White "albert7"]
[Black "Tentarius"]
[Result "0-1"]
[WhiteElo "2016"]
[BlackElo "2107"]

1. e4 c6 2. d4 d5 3. Nc3 Nf6 4. e5 Nfd7 5. f4 e6 6. Nf3 a6 7. Bd3 Be7 8. O-O c5
9. dxc5 Nxc5 10. Be3 Nxd3 11. Qxd3 O-O 12. Ne2 Nc6 13. c3 b5 14. Ned4 Na5 15.
Rad1 Nc4 16. Bc1 h6 17. f5 exf5 18. Nc6 Qb6+ 19. Ncd4 f6 20. exf6 Bxf6 21. Kh1
Nd6 22. Be3 Qb7 23. Nb3 Nc4 24. Bc1 Rd8 25. Nfd4 Bxd4 26. Nxd4 Nd6 27. Qg3 Kh7
28. Bf4 Ne4 29. Qh3 Rf8 30. Nf3 Be6 31. Nd4 Bd7 32. Rd3 Rae8 33. Rdf3 g5 0-1

[Event "AUTO-MASTER-849"]
[Site "http://www.queenalice.com/game.php?id=617360"]
[Date "2009.7.12"]
[Round "1"]
[White "albert7"]
[Black "FabioSelinger"]
[Result "1-0"]
[WhiteElo "2041"]
[BlackElo "2000"]

1. e4 c6 2. d4 d5 3. Nc3 dxe4 4. Nxe4 Nd7 5. Ng5 h6 6. Ne6 Qb6 7. Nxf8 Nxf8 8.
Nf3 Ng6 9. Bd3 Nf6 10. O-O O-O 11. Bxg6 fxg6 12. Ne5 Bf5 13. c3 Rad8 14. Qb3+
Qxb3 15. axb3 a6 16. h3 Rd5 17. Re1 Kh7 18. Bf4 g5 19. Bh2 Nd7 20. Nf3 Rf7 21.
c4 Rd6 22. Bxd6 exd6 23. Re3 Kg6 24. Rae1 Kf6 25. g4 Bc2 26. Re6# 1-0

[Event "AUTO-MASTER-849"]
[Site "http://www.queenalice.com/game.php?id=617361"]
[Date "2009.7.12"]
[Round "1"]
[White "FabioSelinger"]
[Black "albert7"]
[Result "1/2-1/2"]
[WhiteElo "1944"]
[BlackElo "2066"]

1. e4 c5 2. Nc3 d6 3. f4 g6 4. g3 Nc6 5. Bg2 Bg7 6. Nf3 e6 7. d3 Nge7 8. O-O O-O
9. Ne2 Rb8 10. c3 b5 11. h3 b4 12. g4 bxc3 13. bxc3 f5 14. g5 Qa5 15. Bd2 Bd7
16. h4 Rb2 17. c4 Qa6 18. Bc3 Rxa2 19. Bxg7 Kxg7 20. Rxa2 Qxa2 21. Rf2 Rb8 22.
Nc3 Qb3 23. Qa1 Kg8 24. Bf1 Qb7 25. Nb5 Nc8 26. Qf6 a6 27. exf5 axb5 28. fxg6
hxg6 29. Qxg6+ Kf8 30. Qf6+ Ke8 31. Rb2 N6e7 32. h5 Qxf3 33. h6 Bc6 34. Bg2 Qd1+
35. Kh2 Qh5+ 36. Kg1 Qd1+ 37. Kh2 Qh5+ 1/2-1/2

[Event "AUTO-OPEN-1482"]
[Site "http://www.queenalice.com/game.php?id=630859"]
[Date "2009.8.4"]
[Round "2"]
[White "albert7"]
[Black "cunha"]
[Result "0-1"]
[WhiteElo "2066"]
[BlackElo "2614"]

1. e4 c6 2. d4 d5 3. Nc3 dxe4 4. Nxe4 Bf5 5. Ng3 Bg6 6. Nf3 Nd7 7. Bd3 Ngf6 8.
O-O e6 9. c4 Bd6 10. Re1 O-O 11. Bxg6 hxg6 12. Ng5 Qc7 13. Qe2 Rad8 14. Bd2 c5
15. dxc5 Nxc5 16. Bc3 Bxg3 17. hxg3 Nd3 18. Red1 Qxc4 0-1

[Event "AUTO-OPEN-1482"]
[Site "http://www.queenalice.com/game.php?id=630860"]
[Date "2009.8.4"]
[Round "2"]
[White "cunha"]
[Black "albert7"]
[Result "1-0"]
[WhiteElo "2613"]
[BlackElo "2066"]

1. e4 c5 2. Nf3 d6 3. d4 cxd4 4. Nxd4 Nf6 5. Nc3 a6 6. Be2 e5 7. Nb3 Be7 8. O-O
O-O 9. Qd3 Be6 10. Nd5 Bxd5 11. exd5 Nbd7 12. Be3 b5 13. a4 Nb6 14. axb5 Nbxd5
15. Rxa6 Nxe3 16. Qxe3 d5 17. Qxe5 1-0

[Event "Toneo ULP"]
[Site "http://www.queenalice.com/game.php?id=647738"]
[Date "2009.9.5"]
[Round "1"]
[White "mariarosa"]
[Black "albert7"]
[Result "1-0"]
[WhiteElo "1704"]
[BlackElo "2025"]

1. d4 d5 2. f3 c5 3. e3 Nc6 4. b3 e6 5. Bb2 Nf6 6. Bd3 cxd4 7. exd4 Bd6 8. Ne2
O-O 9. Nd2 Nb4 10. Nf1 b6 11. c4 Ba6 12. a3 Nxd3+ 13. Qxd3 Rc8 14. Rc1 Nh5 15.
g3 Re8 16. Ne3 dxc4 17. bxc4 f5 18. f4 Nf6 19. Nc3 Nd5 20. Nb5 Bxb5 21. cxb5
Rxc1+ 22. Bxc1 Qd7 23. Nxd5 exd5+ 24. Kf2 Qe6 25. Rd1 1-0

[Event "AUTO-INT-1256"]
[Site "http://www.queenalice.com/game.php?id=663796"]
[Date "2009.10.6"]
[Round "2"]
[White "albert7"]
[Black "Huruka"]
[Result "0-1"]
[WhiteElo "1968"]
[BlackElo "1919"]

1. e4 e5 2. Nf3 Nc6 3. Bb5 d6 4. d4 exd4 5. Nxd4 Bd7 6. O-O Nge7 7. Nc3 Nxd4 8.
Bxd7+ Qxd7 9. Qxd4 Nc6 10. Qe3 Be7 11. Nd5 O-O 12. Qg3 Kh8 13. f4 Rae8 14. b3
Nd8 15. Bb2 f6 16. Ne3 Qc6 17. Nf5 Rf7 18. Qd3 Ref8 19. Nd4 Qc5 20. f5 Nc6 21.
Kh1 Ne5 22. Qg3 Nc6 23. Ne6 Qxc2 24. Nxf8 Bxf8 25. Qf2 Qxe4 26. Rae1 Qd5 27. Re2
Nb4 28. Qxa7 c5 29. Qa8 h6 30. Qe8 Kh7 31. Qe6 Qd3 32. Qc4 Qxc4 33. bxc4 Nxa2
34. Bxf6 Rxf6 35. Rxa2 g6 0-1

[Event "AUTO-INT-1256"]
[Site "http://www.queenalice.com/game.php?id=663797"]
[Date "2009.10.6"]
[Round "2"]
[White "Huruka"]
[Black "albert7"]
[Result "1-0"]
[WhiteElo "1900"]
[BlackElo "1987"]

1. e4 c5 2. Nf3 d6 3. d4 cxd4 4. Nxd4 Nf6 5. Nc3 a6 6. Bc4 e6 7. O-O Be7 8. Be3
Nxe4 9. Nxe4 d5 10. Bd3 dxe4 11. Bxe4 Nd7 12. Nb3 Qc7 13. Rc1 Nf6 14. Qf3 Nxe4
15. Qxe4 O-O 16. c3 Bd7 17. Rfd1 Bc6 18. Qg4 Rad8 19. Nd4 Rd7 20. Nxc6 Qxc6 21.
Bd4 f6 22. Be3 Rfd8 23. Bh6 Bf8 24. Be3 f5 25. Qe2 e5 26. Bg5 Rxd1+ 27. Rxd1
Rxd1+ 28. Qxd1 Qd6 29. Qxd6 Bxd6 30. Kf1 Kf7 31. Ke2 Ke6 32. c4 Bc7 33. Be3 e4
34. h3 Be5 35. b3 h6 36. g3 g5 37. Bc5 1-0